<?xml version="1.0" encoding="UTF-8"?>
<record
    xmlns:xsi="http://www.w3.org/2001/XMLSchema-instance"
    xsi:schemaLocation="http://www.loc.gov/MARC21/slim http://www.loc.gov/standards/marcxml/schema/MARC21slim.xsd"
    xmlns="http://www.loc.gov/MARC21/slim">

  <leader>00589nam a2200157Ia 4500</leader>
  <controlfield tag="008">090124s9999    xx            000 0 und d</controlfield>
  <datafield tag="082" ind1=" " ind2=" ">
    <subfield code="b">28045</subfield>
  </datafield>
  <datafield tag="245" ind1=" " ind2=" ">
    <subfield code="a"> &#x921;&#x949;. &#x906;&#x902;&#x92C;&#x947;&#x921;&#x915;&#x930;&#x93E;&#x902;&#x91A;&#x947; &#x938;&#x92E;&#x93E;&#x91C;&#x91A;&#x93F;&#x928;&#x94D;&#x924;&#x928;</subfield>
  </datafield>
  <datafield tag="250" ind1=" " ind2=" ">
    <subfield code="a">1</subfield>
  </datafield>
  <datafield tag="260" ind1=" " ind2=" ">
    <subfield code="b">&#x92E;&#x945;&#x91C;&#x947;&#x938;&#x94D;&#x915;&#x93F; &#x92C;&#x941;&#x915; &#x938;&#x94D;&#x91F;&#x945;&#x93E;&#x932;</subfield>
    <subfield code="c">1989</subfield>
  </datafield>
  <datafield tag="300" ind1=" " ind2=" ">
    <subfield code="a">184</subfield>
  </datafield>
  <datafield tag="630" ind1=" " ind2=" ">
    <subfield code="a"> &#x921;&#x949;. &#x906;&#x902;&#x92C;&#x947;&#x921;&#x915;&#x930;&#x93E;&#x902;&#x91A;&#x947; &#x938;&#x92E;&#x93E;&#x91C;&#x91A;&#x93F;&#x928;&#x94D;&#x924;&#x928;</subfield>
  </datafield>
  <datafield tag="700" ind1=" " ind2=" ">
    <subfield code="a">&#x92B;&#x921;&#x915;&#x947; &#x92D;&#x93E;&#x932;&#x91A;&#x902;&#x926;&#x94D;&#x930;</subfield>
  </datafield>
  <datafield tag="730" ind1=" " ind2=" ">
    <subfield code="a"> &#x921;&#x949;. &#x906;&#x902;&#x92C;&#x947;&#x921;&#x915;&#x930;&#x93E;&#x902;&#x91A;&#x947; &#x938;&#x92E;&#x93E;&#x91C;&#x91A;&#x93F;&#x928;&#x94D;&#x924;&#x928;</subfield>
  </datafield>
  <datafield tag="942" ind1=" " ind2=" ">
    <subfield code="c">BOOK</subfield>
  </datafield>
  <datafield tag="999" ind1=" " ind2=" ">
    <subfield code="c">94603</subfield>
    <subfield code="d">94603</subfield>
  </datafield>
  <datafield tag="952" ind1=" " ind2=" ">
    <subfield code="0">0</subfield>
    <subfield code="1">0</subfield>
    <subfield code="4">0</subfield>
    <subfield code="7">0</subfield>
    <subfield code="a">THNNWM</subfield>
    <subfield code="b">THNNWM</subfield>
    <subfield code="d">0000-00-00</subfield>
    <subfield code="g">60.00</subfield>
    <subfield code="l">0</subfield>
    <subfield code="o">28045</subfield>
    <subfield code="p">THNNWM-28045</subfield>
    <subfield code="r">2009-01-24 00:00:00</subfield>
    <subfield code="v">60.00</subfield>
    <subfield code="w">2009-01-24</subfield>
    <subfield code="y">BOOK</subfield>
  </datafield>
</record>
